Combien de ville de la Drome (26) connais-tu ? - Statistiques

Statistiques générales
  • Ce quiz a été pris 95 fois
  • Le résultat moyen est 31 sur 363
Statistiques - réponses
Code Postal Ville % Correct
26000 Valence
86%
26207 Montélimar
75%
26150 Die
69%
26103 Romans-sur-Isère
67%
26500 Bourg-lès-Valence
61%
26300 Bourg-de-Péage
56%
26402 Crest
56%
26800 Portes-lès-Valence
50%
26110 Nyons
47%
26600 Tain-l'Hermitage
42%
26120 Chabeuil
39%
26230 Grignan
39%
26250 Livron-sur-Drôme
39%
26300 Alixan
36%
26702 Pierrelatte
36%
26023 Saint-Paul-Trois-Châteaux
36%
26220 Dieulefit
33%
26270 Loriol-sur-Drôme
33%
26240 Saint-Vallier
33%
26400 Allex
31%
26800 Étoile-sur-Rhône
31%
26320 Saint-Marcel-lès-Valence
31%
26300 Chatuzange-le-Goubet
28%
26340 Saillans
28%
26760 Beaumont-lès-Valence
25%
26310 Luc-en-Diois
25%
26120 Montélier
25%
26190 Saint-Jean-en-Royans
25%
26460 Bourdeaux
22%
26300 Châteauneuf-sur-Isère
22%
26340 Saint-Nazaire-le-Désert
22%
26420 Vassieux-en-Vercors
22%
26780 Allan
19%
26400 Aouste-sur-Sye
19%
26600 Beaumont-Monteux
19%
26290 Donzère
19%
26390 Hauterives
19%
26760 Montéléger
19%
26540 Mours-Saint-Eusèbe
19%
26400 Saou
19%
26400 Suze
19%
26140 Anneyron
17%
26170 Buis-les-Baronnies
17%
26350 Crépol
17%
26400 Grane
17%
26120 Malissard
17%
26120 Montmeyran
17%
26340 Rochefourchat
17%
26140 Saint-Rambert-d'Albon
17%
26140 Albon
14%
26800 Beauvallon
14%
26300 Charpey
14%
26410 Châtillon-en-Diois
14%
26400 Eurre
14%
26730 Hostun
14%
26800 Montoison
14%
26190 Saint-Nazaire-en-Royans
14%
26750 Saint-Paul-lès-Romans
14%
26790 Suze-la-Rousse
14%
26120 Upie
14%
26140 Andancette
11%
26300 Barbières
11%
26300 Beauregard-Baret
11%
26190 Bouvante
11%
26400 Chabrillan
11%
26330 Châteauneuf-de-Galaure
11%
26120 Combovin
11%
26730 Eymeux
11%
26750 Génissieux
11%
26300 Jaillans
11%
26190 Léoncel
11%
26780 Malataverne
11%
26400 Mirabel-et-Blacons
11%
26470 Motte-Chalancon
11%
26380 Peyrins
11%
26120 Peyrus
11%
26150 Pontaix
11%
26600 Pont-de-l'Isère
11%
26510 Rémuzat
11%
26300 Saint-Vincent-la-Commanderie
11%
26740 Sauzet
11%
26770 Taulignan
11%
26790 Tulette
11%
26230 Valaurie
11%
26340 Vercheny
11%
26200 Ancône
8%
26110 Aubres
8%
26570 Aulan
8%
26120 Barcelonne
8%
26400 Beaufort-sur-Gervanne
8%
26350 Chalon
8%
26230 Chantemerle-lès-Grignan
8%
26420 Chapelle-en-Vercors
8%
26120 Châteaudouble
8%
26780 Châteauneuf-du-Rhône
8%
26750 Châtillon-Saint-Jean
8%
26260 Clérieux
8%
26270 Cliousclat
8%
26460 Crupies
8%
26400 Divajeu
8%
26600 Érôme
8%
26780 Espeluche
8%
26110 Eyroles
8%
26600 Gervans
8%
26510 Lemps
8%
26620 Lus-la-Croix-Haute
8%
26300 Marches
8%
26260 Margès
8%
26740 Marsanne
8%
26270 Mirmande
8%
26350 Montchenu
8%
26750 Montmiral
8%
26120 Montvendre
8%
26160 Poët-Laval
8%
26110 Poët-Sigillat
8%
26230 Réauville
8%
26300 Rochefort-Samson
8%
26510 Sahune
8%
26260 Saint-Donat-sur-l'Herbasse
8%
26110 Sainte-Jalle
8%
26110 Saint-Ferréol-Trente-Pas
8%
26740 Saint-Marcel-lès-Sauzet
8%
26130 Saint-Restitut
8%
26410 Saint-Roman
8%
26190 Saint-Thomas-en-Royans
8%
26270 Saulce-sur-Rhône
8%
26740 Savasse
8%
26560 Séderon
8%
26310 Valdrôme
8%
26220 Vesc
8%
26770 Aleyrac
6%
26800 Ambonil
6%
26110 Arpavon
6%
26260 Arthémonay
6%
26340 Aubenasson
6%
26340 Aucelon
6%
26340 Aurel
6%
26150 Barsac
6%
26120 Baume-Cornillane
6%
26310 Beaumont-en-Diois
6%
26160 Bégude-de-Mazenc
6%
26300 Bésayes
6%
26110 Bésignan
6%
26410 Boulc
6%
26460 Bouvières
6%
26340 Brette
6%
26470 Chalancon
6%
26230 Chamaret
6%
26470 Charce
6%
26260 Charmes-sur-l'Herbasse
6%
26110 Châteauneuf-de-Bordette
6%
26110 Chaudebonne
6%
26240 Claveyson
6%
26400 Cobonne
6%
26220 Comps
6%
26110 Condorcet
6%
26510 Cornillon-sur-l'Oule
6%
26210 Épinouze
6%
26240 Fay-le-Clos
6%
26410 Glandage
6%
26600 Granges-les-Beaumont
6%
26470 Gumiane
6%
26310 Jonchères
6%
26210 Lens-Lestang
6%
26310 Lesches-en-Diois
6%
26210 Manthes
6%
26560 Mévouillon
6%
26110 Mirabel-aux-Baronnies
6%
26170 Montauban-sur-l'Ouvèze
6%
26110 Montaulieu
6%
26570 Montbrun-les-Bains
6%
26220 Montjoux
6%
26310 Montlaur-en-Diois
6%
26150 Montmaur-en-Diois
6%
26210 Moras-en-Valloire
6%
26750 Parnans
6%
26110 Piégon
6%
26400 Piégros-la-Clastre
6%
26170 Pierrelongue
6%
26110 Pilles
6%
26450 Puy-Saint-Martin
6%
26110 Rochebrune
6%
26770 Roche-Saint-Secret-Béconne
6%
26230 Roussas
6%
26770 Rousset-les-Vignes
6%
26420 Saint-Agnan-en-Vercors
6%
26170 Saint-Auban-sur-l'Ouvèze
6%
26150 Sainte-Croix
6%
26190 Sainte-Eulalie-en-Royans
6%
26150 Saint-Julien-en-Quint
6%
26190 Saint-Laurent-en-Royans
6%
26420 Saint-Martin-en-Vercors
6%
26110 Saint-Maurice-sur-Eygues
6%
26750 Saint-Michel-sur-Savasse
6%
26210 Saint-Sorlin-en-Valloire
6%
26240 Saint-Uze
6%
26600 Serves-sur-Rhône
6%
26150 Solaure en Diois
6%
26400 Soyans
6%
26220 Teyssières
6%
26340 Véronne
6%
26110 Vinsobres
6%
26470 Volvent
6%
26470 Arnayon
3%
26400 Autichamp
3%
26560 Ballons
3%
26310 Barnave
3%
26570 Barret-de-Lioure
3%
26310 Bâtie-des-Fonds
3%
26160 Bâtie-Rolland
3%
26790 Baume-de-Transit
3%
26730 Baume-d'Hostun
3%
26310 Beaurières
3%
26240 Beausemblant
3%
26170 Beauvoisin
3%
26110 Bellecombe-Tarendol
3%
26160 Bonlieu-sur-Roubion
3%
26790 Bouchet
3%
26260 Bren
3%
26190 Chaffal
3%
26150 Chamaloc
3%
26600 Chanos-Curson
3%
26600 Chantemerle-les-Blés
3%
26260 Chavannes
3%
26230 Colonzelle
3%
26510 Cornillac
3%
26740 Coucourde
3%
26600 Crozes-Hermitage
3%
26110 Curnier
3%
26340 Espenel
3%
26470 Establet
3%
26560 Eygalayes
3%
26170 Eygaliers
3%
26400 Eygluy-Escoulin
3%
26160 Eyzahut
3%
26160 Félines-sur-Rimandoule
3%
26700 Garde-Adhémar
3%
26750 Geyssans
3%
26400 Gigors-et-Lozeron
3%
26530 Grand-Serre
3%
26290 Granges-Gontardes
3%
26210 Lapeyrouse-Mornay
3%
26600 Larnage
3%
26240 Laveyron
3%
26160 Manas
3%
26260 Marsaz
3%
26410 Menglon
3%
26310 Miscon
3%
26740 Montboucher-sur-Jabron
3%
26770 Montbrison-sur-Lez
3%
26400 Montclar-sur-Gervanne
3%
26560 Montfroc
3%
26460 Mornans
3%
26190 Motte-Fanjas
3%
26400 Omblèze
3%
26770 Pègue
3%
26400 Plan-de-Baix
3%
26460 Poët-Célard
3%
26170 Poët-en-Percip
3%
26470 Pommerol
3%
26240 Ponsas
3%
26160 Pont-de-Barret
3%
26160 Portes-en-Valdaine
3%
26310 Poyols
3%
26170 Propiac
3%
26160 Puygiron
3%
26310 Recoubeau-Jansac
3%
26340 Rimon-et-Savel
3%
26170 Rioms
3%
26160 Rochebaudin
3%
26190 Rochechinard
3%
26600 Roche-de-Glun
3%
26790 Rochegude
3%
26400 Roche-sur-Grane
3%
26510 Roussieux
3%
26150 Saint-Andéol
3%
26260 Saint-Bardoux
3%
26240 Saint-Barthélemy-de-Vals
3%
26310 Saint-Dizier-en-Diois
3%
26160 Saint-Gervais-sur-Roubion
3%
26240 Saint-Jean-de-Galaure
3%
26420 Saint-Julien-en-Vercors
3%
26510 Saint-May
3%
26770 Saint-Pantaléon-les-Vignes
3%
26770 Salles-sous-Bois
3%
26130 Solérieux
3%
26160 Souspierre
3%
26390 Tersanne
3%
26740 Tourrettes
3%
26750 Triors
3%
26460 Truinas
3%
26350 Valherbasse
3%
26110 Valouse
3%
26110 Venterol
3%
26510 Verclause
3%
26560 Villefranche-le-Château
3%
26510 Villeperdrix
3%
26260 Bathernay
0%
26470 Bellegarde-en-Diois
0%
26170 Bénivay-Ollon
0%
26460 Bézaudun-sur-Bîne
0%
26310 Charens
0%
26450 Charols
0%
26340 Chastel-Arnaud
0%
26340 Chaudière
0%
26510 Chauvac-Laux-Montaux
0%
26130 Clansayes
0%
26450 Cléon-d'Andran
0%
26740 Condillac
0%
26190 Échevis
0%
26570 Ferrassières
0%
26400 Francillon-sur-Roubion
0%
26560 Izon-la-Bruisse
0%
26560 Laborel
0%
26560 Lachau
0%
26740 Laupie
0%
26150 Laval-d'Aix
0%
26150 Marignac-en-Diois
0%
26600 Mercurol-Veaunes
0%
26170 Mérindol-les-Oliviers
0%
26170 Mollans-sur-Ouvèze
0%
26510 Montferrand-la-Fare
0%
26170 Montguers
0%
26230 Montjoyer
0%
26510 Montréal-les-Sources
0%
26130 Montségur-sur-Lauzon
0%
26220 Orcinas
0%
26190 Oriol-en-Royans
0%
26120 Ourches
0%
26510 Pelonne
0%
26340 Pennes-le-Sec
0%
26170 Penne-sur-l'Ouvèze
0%
26170 Plaisians
0%
26150 Ponet-et-Saint-Auban
0%
26340 Pradelle
0%
26310 Prés
0%
26330 Ratières
0%
26570 Reilhanette
0%
26400 Répara-Auriples
0%
26160 Rochefort-en-Valdaine
0%
26170 Roche-sur-le-Buis
0%
26170 Rochette-du-Buis
0%
26150 Romeyer
0%
26470 Rottier
0%
26450 Roynac
0%
26330 Saint-Avit
0%
26340 Saint-Benoit-en-Diois
0%
26350 Saint-Christophe-et-le-Laris
0%
26170 Sainte-Euphémie-sur-Ouvèze
0%
26350 Saint-Laurent-d'Onay
0%
26330 Saint-Martin-d'Août
0%
26190 Saint-Martin-le-Colonel
0%
26340 Saint-Sauveur-en-Diois
0%
26110 Saint-Sauveur-Gouvernet
0%
26160 Salettes
0%
26460 Tonils
0%
26160 Touche
0%
26150 Vachères-en-Quint
0%
26310 Val-Maravel
0%
26400 Vaunaveys-la-Rochette
0%
26170 Vercoiran
0%
26560 Vers-sur-Méouge
0%
5700 Villebois-les-Pins
0%
Aucun quiz correspondant
Distribution des résultats
% des personnes avec chaque résultat
Percentile par nombre de réponses
Votre historique - résultats
Vous n’avez pas pris ce quiz